Catálogo
 En Linea

The Inquisition of the Middle Ages : (Registro nro. 14710)

Detalles MARC
000 -CABECERA
campo de control de longitud fija 00817cam a2200229 a 4500
001 - NÚMERO DE CONTROL
campo de control 000015138
005 - FECHA Y HORA DE LA ÚLTIMA TRANSACCIÓN
campo de control 20200929163951.0
008 - DATOS DE LONGITUD FIJA--INFORMACIÓN GENERAL
campo de control de longitud fija 720522s1961 nyu 000 0 eng d
035 ## - NÚMERO DE CONTROL DEL SISTEMA
Número de control de sistema (DLC) 54013027
035 ## - NÚMERO DE CONTROL DEL SISTEMA
Número de control de sistema (OCoLC)313283
040 ## - FUENTE DE LA CATALOGACIÓN
Centro catalogador/agencia de origen DO-SdBNP
Lengua de catalogación spa
Centro/agencia transcriptor BNPHU
Centro/agencia modificador OCoLC
-- DLC
082 ## - NÚMERO DE LA CLASIFICACIÓN DECIMAL DEWEY
Número de clasificación 272.2946
Número de documento/Ítem L433i
049 ## - FONDOS LOCALES (OCLC)
Fondos de biblioteca BNGR
100 1# - ENTRADA PRINCIPAL--NOMBRE DE PERSONA
Nombre de persona Lea, Henry Charles,
Fechas asociadas al nombre 1825-1909.
9 (RLIN) 34246
245 14 - MENCIÓN DE TÍTULO
Título The Inquisition of the Middle Ages :
Resto del título its organization and operation /
Mención de responsabilidad, etc. Henry Charles Lea.
260 ## - PUBLICACIÓN, DISTRIBUCIÓN, ETC.
Lugar de publicación, distribución, etc. New York :
Nombre del editor, distribuidor, etc. Citadel Press,
Fecha de publicación, distribución, etc. 1961.
300 ## - DESCRIPCIÓN FÍSICA
Extensión 260 p. ;
Dimensiones 22 cm.
500 ## - NOTA GENERAL
Nota general Consta de 8 capítulos del autor de Historia de la Inquisición de la Edad Media, publicado en 1887.
650 #4 - PUNTO DE ACCESO ADICIONAL DE MATERIA--TÉRMINO DE MATERIA
Término de materia o nombre geográfico como elemento de entrada Inquisición
Subdivisión general España
9 (RLIN) 34247
650 #4 - PUNTO DE ACCESO ADICIONAL DE MATERIA--TÉRMINO DE MATERIA
Término de materia o nombre geográfico como elemento de entrada España
Subdivisión cronológica EDAD MEDIA
9 (RLIN) 34248
910 ## - DATOS DE OPCIÓN DEL USUARIO (OCLC)
Datos de opción del usuario Catalogación por copia / LC
Existencias
Estado de retiro Estado de pérdida Restricciones de uso No para préstamo Código de colección Localización permanente Ubicación/localización actual Ubicación en estantería Fecha de adquisición Número de inventario Total de préstamos Signatura topográfica completa Código de barras Fecha visto por última vez Precio válido a partir de Tipo de ítem Koha
    Préstamo interno   Monografías: Libros y Folletos General General En catalogación 01.02.2010 LF1   272.2946 L433i 15138-10 25.06.2020 25.06.2020 Préstamo interno

Con tecnología Koha